Wisła Kraków trenerzy w XXI wieku. - Statystyki

Ogólne statystyki
  • Ten quiz został rozwiązany 628 razy
    241 od ostatniego zresetowania
  • Średni wynik to 19 z 36
Statystyki odpowiedzi
Lata Narodowość Trener % Poprawnych
2017-2018 Polska Radosław Sobolewski
83%
2022-2023 Polska Radosław Sobolewski
83%
2001-2002 Polska Franciszek Smuda
77%
2013-2015 Polska Franciszek Smuda
77%
2022 Polska Jerzy Brzęczek
76%
2023 Polska Mariusz Jop
76%
2007 Polska Kazimierz Moskal
74%
2011-2012 Polska Kazimierz Moskal
74%
2015 Polska Kazimierz Moskal
74%
2002-2004 Polska Henryk Kasperczak
70%
2010 Polska Henryk Kasperczak
70%
2024- Hiszpania Albert Rude
66%
2017 Hiszpania Kiko Ramirez
61%
2007-2010 Polska Maciej Skorza
59%
2001 Polska Adam Nawałka
58%
2006-2007 Polska Adam Nawałka
58%
2020-2021 Niemcy Peter Hyballa
57%
2018-2019 Polska Maciej Stolarczyk
55%
2016-2017 Polska Kazimierz Kmiecik
54%
2021-2022 Słowacja Adrian Gula
53%
2012 Polska Michał Probierz
52%
2010-2011 Holandia Robert Maaskant
52%
2005-2006 Rumunia Dan Petrescu
50%
2019-2020 Polska Artur Skowronek
47%
2000-2001 Polska Orest Lenczyk
37%
2016 Polska Dariusz Wdowczyk
36%
2005 Polska Jerzy Engel
36%
2018 Hiszpania Joan Carrillo
29%
2006 Serbia Dragomir Okuka
26%
2015-2016 Polska Tadeusz Pawlowski
24%
2005 Polska Tomasz Kulawik
23%
2010 Polska Tomasz Kulawik
23%
2012-2013 Polska Tomasz Kulawik
23%
2004-2005 Czechy Werner Licka
22%
2015 Polska Marcin Broniszewski
15%
2016 Polska Marcin Broniszewski
15%
Nie znaleziono quizów pasujących do podanych kryteriów
Rozkład punktacji
Procent ludzi z każdym wynikiem
Percentyl według liczby udzielonych odpowiedzi
Twoja historia wyników
Nie rozwiązałeś tego quizu od ostatniego zresetowania